000 00290nam a2200145 a 4500
008 190521s1989|||| d
245 1 0 _aMedika
300 _a972s.
260 _bMedika
_aPraha
_c1989
958 _aA
250 _a1.vydanie
020 _c0
041 _acze
044 _aCZ
999 _c20679
_d20679